Franklin... ou Theodore Roosevelt? - Statistics

Estatísticas Gerais
  • Esse quiz foi jogado 18 vezes
  • A pontuação média é 16 de 18
Estatísticas das Respostas
Questão Resposta % Correto
Cresceu rico Ambos
100%
Foi casado com Eleanor Roosevelt Franklin
100%
Morreu enquanto presidente Franklin
100%
Tinha um grupo de políticas chamado New Deal Franklin
100%
Foi presidente durante a Segunda Guerra Mundial Franklin
100%
Ele usou uma cadeira de rodas durante grande parte de sua vida adulta Franklin
100%
Era membro do Partido Republicano Theodore
100%
Serviu em combate militar Theodore
100%
Foi fundamental na construção do Canal do Panamá Theodore
100%
Foi à África matar elefantes, rinocerontes, e outros animais Theodore
100%
Sua imagem está gravada no Monte Rushmore Theodore
100%
Foi vice-presidente dos Estados Unidos Theodore
100%
Teve um bigode durante a maior parte de sua vida adulta Theodore
100%
Foi subsecretário da Marinha Ambos
67%
Sobreviveu a uma tentativa de assassinato Ambos
67%
Disse "o único que devemos temer é o próprio medo" Franklin
67%
Seu rosto aparece na moeda de dez centavos dos EUA Franklin
67%
Nasceu no estado de Nova Iorque Ambos
33%
Nenhum quiz correspondente encontrado
Distribuição das Pontuações
Porcentagem de Pessoas com Cada Pontuação
Percentil de Números Respondidos
Sua Pontuação Histórica
Você não jogou esse quiz